00668cam a22002411 4500001001300000003000400013005001700017008004100034010001700075035001900092040004800111042001200159050001500171110001300186245002500199260004300224300005200267500001700319504002600336651001300362651003400375999001700409sd 41000095 DLC20260227112734.0771117s1940 nyuabc b 000 0 eng c asd 41000095  a(OCoLC)3427394 aU.S. Dept. of state. Libr.cOOxMdOOxMdDLC apremarc00aDT624b.A51 aLiberia.10aHandbook of Liberia. a[New York,bMinden Press, Inc.]c1940. a61, [3] p.billus., port., map, tables.c20 cm. aCover title. aBibliography: p. [64] 0aLiberia. 0aLiberiaxEconomic conditions. c89883d89883